"Bal u senatora '93" - tekst - Statystyki

Ogólne statystyki
  • Ten quiz został rozwiązany 7 razy
  • Średni wynik to 122 z 188
Statystyki odpowiedzi
Odpowiedź % Poprawnych
bal
100%
i
100%
I
100%
ja
100%
Jest
100%
jest
100%
już
100%
Już
100%
My
100%
Na
100%
na
100%
nic
100%
nie
100%
Nie
100%
O
100%
o
100%
par
100%
Po
100%
Senatora
100%
senatora
100%
się
100%
U
100%
w
100%
wielki
100%
z
100%
Z
100%
Anka
83%
gardła
83%
gra
83%
Łysy
83%
mówimy
83%
nas
83%
tu
83%
tysiąc
83%
wszyscy
83%
kończy
67%
ma
67%
Mamy
67%
melodia
67%
nóż
67%
od
67%
pan
67%
poderżnięte
67%
ponad
67%
sali
67%
Ślinią
67%
Tańczą
67%
trzech
67%
za
67%
brawa
50%
Co
50%
co
50%
do
50%
dobrze
50%
Każdy
50%
milkną
50%
Pięknie
50%
ręku
50%
sam
50%
stół
50%
toasty
50%
toczy
50%
trzyma
50%
Wiemy
50%
wlazł
50%
zaciśnięte
50%
znają
50%
znajoma
50%
broń
33%
Coraz
33%
Cuchną
33%
czas
33%
częściej
33%
futra
33%
głośno
33%
kamasutra
33%
mocniej
33%
nam
33%
nasz
33%
nawet
33%
Nikt
33%
Ogromnie
33%
panie
33%
powiedzenia
33%
Powoli
33%
prezes
33%
przepocone
33%
ręce
33%
sobie
33%
swędzą
33%
szukamy
33%
wszystko
33%
wzrokiem
33%
bieda
17%
bohaterów
17%
było
17%
Choć
17%
gardeł
17%
haft
17%
haftem
17%
historia
17%
imieniu
17%
krzyczą
17%
kumple
17%
leci
17%
maski
17%
można
17%
Ostro
17%
panom
17%
pochlali
17%
podziemia
17%
posłom
17%
sprzedać
17%
sprzedaliśmy
17%
Tasują
17%
tłuste
17%
ukrytą
17%
woła
17%
zbliża
17%
ściągają
0%
Stygnie
0%
szampańska
0%
zapomniana
0%
Nie znaleziono quizów pasujących do podanych kryteriów
Rozkład punktacji
Procent ludzi z każdym wynikiem
Percentyl według liczby udzielonych odpowiedzi
Twoja historia wyników
Nie rozwiązałeś tego quizu